000 00804cam a22002538i 4500
001 19387520
005 20180526103228.0
008 161128s2017 nyu b 001 0 eng
020 _a9781474224154 (paperback)
040 _cPK-LaUMT
082 0 0 _a711.4
_bFRY-R
100 1 _aFry, Tony
245 1 0 _aRemaking cities :
_ban introduction to urban metrofitting /
_cTony Fry
260 _aLondon :
_bBloomsbury Academic,
_c2017
300 _a265 p.
650 0 _aUrban ecology (Sociology)
650 0 _aSustainable urban development.
650 0 _aCity planning
_xSocial aspects.
650 7 _aARCHITECTURE / General.
650 7 _aARCHITECTURE / Urban & Land Use Planning.
650 7 _aARCHITECTURE / Sustainability & Green Design.
650 7 _aDESIGN / History & Criticism.
942 _cBK
999 _c104960
_d104960